000 00487nam a2200181Ia 4500
005 20250326124421.0
008 250326s9999 xx 000 0 und d
037 _aTextbook
040 _aFMSL
_beng
_cFMSL
041 _aeng
_2eng
084 _aX:8 K1
_qFMSL
100 _aBlack J M
_9736473
245 0 _aAssignment: management
_cBlack J M
260 _aNew Jersey
_bNew Jersey, Prentice-Hall
_c1961
300 _a234p
942 _cTB
_hX:8 K1
999 _c1273628
_d1273628